| 000 | 02562nam a22002057a 4500 | ||
|---|---|---|---|
| 003 | OSt | ||
| 005 | 20240219094546.0 | ||
| 008 | 240206s2004 ag ||||| |||| 00| 0 spa d | ||
| 020 | _a950460580X | ||
| 040 | _cbesoc | ||
| 100 | 1 | _aKechichian, Graciela K. de | |
| 245 | 1 | 0 |
_aTecnología II : _bEnergía y desarrollo tecnológico : Tecnologías de la información y de la comunicación : Tecnologías de gestión / _cGraciela K. de Kechichian, Adriana S. Cohan ; bajo la dirección de Herminia Mérega |
| 260 |
_aBuenos Aires : _bSantillana, _c2004 |
||
| 300 | _a191 p. | ||
| 505 | 0 | _a1. Fuentes de energía y tecnología: recursos energéticos; de la fuente al consumo; aportes de la electricidad a la tecnología; transformaciones de la energía -- 2. Fuentes de energía no renovables y tecnología: tecnologías para la extracción del carbón; el carbón, el petróleo y el gas; la revolución atómica, energía nuclear -- 3. Las energías renovables y la tecnología: aprovechamiento de las energías hidráulicas y eólicas; la energía solar; recursos generadores de energías menos difundidos -- 4. Las fuentes de energía y el ambiente: impacto ambiental del uso de recursos energéticos; la recuperación de la energía; uso racional de la energía -- 5.Sistemas de comunicación: introducción a los sistemas de comunicación eléctrica; los pioneros de la comunicación eléctrica; redes de telecomunicaciones -- 6. La transmisión: códigos de transmisión; artefactos analógicos y digitales; Comunicación satelital -- 7. Tecnología informática: ¿qué es la programación?; tecnología informática -- 8. La informática y el hombre: Tecnología informática: su impacto en el desarrollo de la vida humana; realidad y virtualidad; informática y ética -- 9. La organización: concepto y tipos de organización; la estructura organizacional; Vínculos en la organización empresarial -- 10. Las organizaciones hoy: el mercado de las organizaciones; planeamiento estratégico; cultura e identidad de la organización -- 11. Gestión de calidad: sistemas de calidad; calidad ambiental y empresa -- 12. Microemprendimientos: las microempresas en el mundo de hoy; lo que debe saber una microempresa -- 13. Reingeniería de las organizaciones: ¿qué es la reingeniería? -- 14. Buscar trabajo es todo un trabajo: el mundo del trabajo; formas de postulaciones en la búsqueda de trabajo.- | |
| 650 | 4 |
_aEnseñanza de la tecnología _xEducación polimodal |
|
| 700 | 1 |
_aCohan, Adriana S. _eautor |
|
| 700 | 1 | _aMérega, Herminia | |
| 942 |
_2udc _cOG _n0 |
||
| 999 |
_c184 _d184 |
||